| 000 | 00535nam a2200193 a 4500 | ||
|---|---|---|---|
| 001 | 0272 | ||
| 005 | 20140414131910.0 | ||
| 008 | 040902s19uu xx 00 eng d | ||
| 020 | _a0-590-76213-3 | ||
| 050 |
_aER _bB85 1997 |
||
| 100 | _aMcPhail, David | ||
| 245 |
_aA bug, a bear, and a boy : _bat home / _cby David McPhail. |
||
| 260 |
_aNew York : _bScholastic, _c1997. |
||
| 300 | _a1 v.p. : ill. ; cm. | ||
| 440 | _aScholastic See Saw Book Club | ||
| 650 |
_aBears _xFiction. |
||
| 650 | _aChildren stories. | ||
| 999 |
_c111155 _d111155 |
||